00468nam a2200109Ia 4500008004100000041000800041100002800049245003900077260003800116999001700154952018700171230206s9999 xx 000 0 und d aeng aMurthy E N, Ed.9119278 aThe IUP Journal of Bank Management c2010bIUP PublicationsaHyderabad c97730d97730 00104070aHIMRbHIMRd2016-11-30eSatya GilanihNov. 2010 to Nov. 2011 (Vol. 9 No.4 to Vol. 10 No. 4)l0o332.1/MUR BV0393pHIMR-BV-393r2023-02-06 00:00:00w2023-02-06yBVzBV0393